Οι ινδιάνοι των πεδιάδων της βόρειας Αμερικής
Αποθηκεύτηκε σε:
| Άλλοι συγγραφείς: | , , |
|---|---|
| Μορφή: | Βιβλίο |
| Γλώσσα: | Greek |
| Δημοσίευση: |
Αθήνα :
Λεβιάθαν,
1993.
|
| Σειρά: | Ανθρωπολογία (Λεβιάθαν)
; 1 |
| Θέματα: | |
| Ετικέτες: |
Προσθήκη ετικέτας
Δεν υπάρχουν, Καταχωρήστε ετικέτα πρώτοι!
|
MARC
| LEADER | 00000cam a2200000 i 4500 | ||
|---|---|---|---|
| 001 | 1/92349 | ||
| 008 | 940111s1993 gr | ||| |||| ||gre|| | ||
| 020 | |a 960722907X | ||
| 020 | |a 9607229061 | ||
| 035 | |a 1997 |c ΓΡΑΜΜΑΤΕΙΑ ΜΥΤΙΛΗΝΗΣ |l 10008437 | ||
| 040 | |a GR-MyUA |b gre |e AACR2 | ||
| 041 | 0 | |a gre | |
| 082 | 7 | |a 305.897 |2 (22) | |
| 245 | 1 | 3 | |a Οι ινδιάνοι των πεδιάδων της βόρειας Αμερικής / |c Gertrud D. Schier (επιμέλεια) ; μετάφραση: Λία Αθανασιάδου ; επιμέλεια μετάφρασης: Βάνα Γρηγοροπούλου. |
| 260 | |a Αθήνα : |b Λεβιάθαν, |c 1993. | ||
| 300 | |a 215 σ. ; |c 21 εκ. | ||
| 490 | 1 | |a ( Ανθρωπολογία / Λεβιάθαν ; |v 1) | |
| 504 | |a Περιέχει βιβλιογραφικές αναφορές. | ||
| 650 | 0 | 0 | |a Indians of North America. |
| 650 | 0 | 0 | |a Cheyenne Indians. |
| 650 | 0 | 0 | |a Arapacho Indians. |
| 700 | 1 | |a Γρηγοροπούλου, Βάνα, |e edtf | |
| 700 | 1 | |a Schier, Gertrud, |e edt | |
| 700 | 1 | |a Αθανασιάδου, Λία, |e trlf | |
| 830 | 0 | |a Ανθρωπολογία (Λεβιάθαν) |v ; 1 | |
| 852 | |a INST |b LESVOS |e 19940111 |h 305.897 ΙΝΔ |p 005100003344 |q 005100003344 |t BK |y 0 | ||
| 852 | |a INST |b LESVOS |e 19940111 |h 305.897 ΙΝΔ |p 005100003786 |q 005100003786 |t BK |y 0 | ||
| 852 | |a INST |b LESVOS |e 19940111 |h 305.897 ΙΝΔ |p 005100010564 |q 005100010564 |t BK |y 0 | ||
| 852 | |a INST |b SAMOS |e 19971113 |h 305.897 ΙΝΔ |p 005300008578 |q 005300008578 |t BK |y 0 | ||
| 901 | |a BIBL-1997-2 | ||
| 909 | |a Λ |b 032744 | ||
| 909 | |a Λ |b 032746 | ||
| 909 | |a Λ |b 032745 | ||
| 909 | |a Σ |b 051094 | ||